[Event "Klatovy op-C 29th"]
[Site "Klatovy"]
[Date "2023.07.09"]
[Round "9"]
[White "Pribyl, Josef"]
[Black "Ondrejat, Miroslav"]
[Result "1/2-1/2"]
[WhiteElo "2230"]
[BlackElo "1834"]
[PlyCount "29"]
[EventDate "2023.07.01"]
[EventType "swiss"]
[EventRounds "9"]
[EventCountry "CZE"]
[SourceTitle "CBM 215 Extra"]
[Source "ChessBase"]
[SourceDate "2023.09.30"]
[SourceVersion "1"]
[SourceVersionDate "2023.09.30"]
[SourceQuality "1"]

1. b3 e5 2. Bb2 Nc6 3. e3 d6 4. g3 Nf6 5. Bg2 Be7 6. Ne2 0-0 7. c4 Bf5 8. d3 Qd7 9. h3 h6 10. Nbc3 Rab8 11. Qd2 Rfe8 12. Nd5 Nxd5 13. cxd5 Nd8 14. e4 Bh7 15. 0-0 1/2-1/2

[Event "Klatovy op-C 29th"]
[Site "Klatovy"]
[Date "2023.07.07"]
[Round "7"]
[White "Fiser, Jiri1111"]
[Black "Ondrejat, Miroslav"]
[Result "0-1"]
[WhiteElo "1784"]
[BlackElo "1834"]
[PlyCount "112"]
[EventDate "2023.07.01"]
[EventType "swiss"]
[EventRounds "9"]
[EventCountry "CZE"]
[SourceTitle "CBM 215 Extra"]
[Source "ChessBase"]
[SourceDate "2023.09.30"]
[SourceVersion "1"]
[SourceVersionDate "2023.09.30"]
[SourceQuality "1"]

1. e4 c5 2. Nf3 d6 3. d4 cxd4 4. Nxd4 Nf6 5. Nc3 a6 6. Be3 e5 7. Nb3 Be6 8. Qd2 Be7 9. f4 Ng4 10. f5 Bxb3 11. axb3 Nxe3 12. Qxe3 Nd7 13. Bc4 0-0 14. Bd5 Rb8 15. 0-0 Qb6 16. Rf3 Bd8 17. Qxb6 Bxb6+ 18. Kf1 Nf6 19. Ke2 Rfc8 20. Kd2 Kf8 21. Rd3 Ke7 22. Na4 Ba7 23. c4 Bd4 24. Nc3 Bxc3+ 25. bxc3 Nd7 26. Kc2 h5 27. Rad1 Rh8 28. b4 h4 29. c5 dxc5 30. Bxf7 Nf6 31. Bd5 cxb4 32. cxb4 Rbc8+ 33. Kb3 Rc7 34. g4 Rd8 35. g5 Nh5 36. Rh3 Nf4 37. Rxh4 Nxd5 38. exd5 Kd6 39. f6 Rf8 40. Rf1 gxf6 41. Rh6 Kxd5 42. Rhxf6 Rh8 43. R1f2 Rch7 44. g6 Rxh2 45. Rxh2 Rxh2 46. Rf7 Rg2 47. g7 b5 48. Rd7+ Ke4 49. Ra7 Rg3+ 50. Kc2 Kd4 51. Rxa6 Rxg7 52. Rc6 Rg2+ 53. Kc1 e4 54. Rd6+ Kc3 55. Kd1 e3 56. Re6 e2+ 0-1

[Event "Klatovy op-C 29th"]
[Site "Klatovy"]
[Date "2023.07.03"]
[Round "3"]
[White "Plasek, Zdenek"]
[Black "Ondrejat, Miroslav"]
[Result "1-0"]
[WhiteElo "1914"]
[BlackElo "1834"]
[PlyCount "55"]
[EventDate "2023.07.01"]
[EventType "swiss"]
[EventRounds "9"]
[EventCountry "CZE"]
[SourceTitle "CBM 215 Extra"]
[Source "ChessBase"]
[SourceDate "2023.09.30"]
[SourceVersion "1"]
[SourceVersionDate "2023.09.30"]
[SourceQuality "1"]

1. Nf3 Nf6 2. g3 g6 3. Bg2 Bg7 4. 0-0 0-0 5. d4 d6 6. c4 Nbd7 7. Nc3 e5 8. e4 a5 9. h3 exd4 10. Nxd4 Nc5 11. Re1 Re8 12. Nc2 Be6 13. b3 Qd7 14. h4 Ng4 15. Nd4 Ne5 16. Be3 Bg4 17. f3 Bh3 18. Kh2 Bxg2 19. Kxg2 c6 20. Nde2 Qe7 21. Qc2 Nxf3 22. Kxf3 Nxe4 23. Qxe4 Qd7 24. Qd3 h5 25. Kg2 Qg4 26. Rad1 Re7 27. Bd2 Rae8 28. Nf4 1-0

[Event "Ceske Budejovice op"]
[Site "Ceske Budejovice"]
[Date "2021.07.01"]
[Round "1"]
[White "Simek, Petr"]
[Black "Ondrejat, Miroslav"]
[Result "1-0"]
[WhiteElo "2282"]
[BlackElo "1963"]
[PlyCount "123"]
[EventDate "2021.07.01"]
[EventType "swiss"]
[EventRounds "9"]
[EventCountry "CZE"]
[SourceTitle "CBM 203 Extra"]
[Source "ChessBase"]
[SourceDate "2021.09.30"]
[SourceVersion "1"]
[SourceVersionDate "2021.09.30"]
[SourceQuality "1"]

1. d4 c5 2. d5 e5 3. e4 Nf6 4. Nc3 d6 5. Bb5+ Nbd7 6. a4 Be7 7. Nf3 a6 8. Bd3 Nf8 9. Nd2 Ng6 10. Nc4 0-0 11. 0-0 b6 12. h3 Rb8 13. b3 Ne8 14. Be2 Bg5 15. Ne3 Nc7 16. Bg4 Bxe3 17. Bxe3 b5 18. Ne2 b4 19. Ng3 a5 20. Bxc8 Rxc8 21. Nf5 Nh4 22. Qd3 Nxf5 23. exf5 f6 24. Rad1 Na8 25. f4 Nb6 26. fxe5 fxe5 27. Qb5 Nd7 28. Rf3 Nf6 29. Bg5 Rb8 30. Qc4 Qc7 31. g4 Kh8 32. Be3 Qf7 33. g5 Qh5 34. Rdf1 Ne8 35. Qe4 Qf7 36. Kg2 Nc7 37. Rd1 Qg8 38. h4 Rb7 39. Kg3 Ne8 40. h5 h6 41. Kh4 hxg5+ 42. Bxg5 Nf6 43. Bxf6 Rxf6 44. Rg1 Rbf7 45. Rg6 Rf8 46. Rxf6 Rxf6 47. Rg3 Qf7 48. Rg5 Kg8 49. Kg4 Qb7 50. Qd3 Kf8 51. Kf3 Qf7 52. Ke4 Rh6 53. Qe2 Qe8 54. Qg4 Qe7 55. Rg6 Rxg6 56. hxg6 Ke8 57. Kd3 Kd8 58. Ke3 Kc7 59. Kf3 Qf6 60. Kg3 Kd7 61. Kf3 Kc7 62. Ke4 1-0

[Event "Valasska Bystrice op 11th"]
[Site "Valasska Bystrice"]
[Date "2019.09.11"]
[Round "6"]
[White "Lys, Josef"]
[Black "Ondrejat, Miroslav"]
[Result "0-1"]
[WhiteElo "2177"]
[BlackElo "1934"]
[PlyCount "62"]
[EventDate "2019.09.07"]
[EventType "swiss"]
[EventRounds "9"]
[EventCountry "CZE"]
[SourceTitle "EXT 2020"]
[Source "ChessBase"]
[SourceDate "2019.10.17"]
[SourceVersion "1"]
[SourceVersionDate "2019.10.17"]
[SourceQuality "1"]

1. d4 Nf6 2. c4 e6 3. Nf3 c5 4. g3 cxd4 5. Nxd4 Nc6 6. Bg2 Nxd4 7. Qxd4 Qc7 8. 0-0 Bc5 9. Qd3 0-0 10. Nc3 a6 11. Na4 d6 12. a3 Bd7 13. Nxc5 dxc5 14. Bf4 e5 15. Bg5 Bc6 16. e4 Rad8 17. Qc2 Qe7 18. f3 h6 19. Be3 Ne8 20. Qc3 Nc7 21. b4 cxb4 22. axb4 Ne6 23. Bb6 Rc8 24. Rfd1 Bb5 25. Bf1 Rc6 26. Qxe5 Rxb6 27. cxb5 Qxb4 28. bxa6 bxa6 29. Rxa6 Rxa6 30. Bxa6 Qb6+ 31. Kg2 Qxa6 0-1

[Event "Valasska Bystrice op 11th"]
[Site "Valasska Bystrice"]
[Date "2019.09.08"]
[Round "3"]
[White "Ondrejat, Miroslav"]
[Black "Otrubova, Kristyna"]
[Result "1/2-1/2"]
[WhiteElo "1934"]
[BlackElo "1712"]
[PlyCount "138"]
[EventDate "2019.09.07"]
[EventType "swiss"]
[EventRounds "9"]
[EventCountry "CZE"]
[SourceTitle "EXT 2020"]
[Source "ChessBase"]
[SourceDate "2019.10.17"]
[SourceVersion "1"]
[SourceVersionDate "2019.10.17"]
[SourceQuality "1"]

1. e4 c5 2. Nf3 d6 3. d4 cxd4 4. Nxd4 Nf6 5. Nc3 g6 6. f3 Bg7 7. Be3 0-0 8. Qd2 Nc6 9. 0-0-0 d5 10. Nxc6 bxc6 11. exd5 Nxd5 12. Bd4 Bxd4 13. Qxd4 Qb6 14. Nxd5 cxd5 15. Qxb6 axb6 16. a3 e6 17. Rd4 Ba6 18. f4 Rfc8 19. g3 Bxf1 20. Rxf1 Rc6 21. c3 Rac8 22. Kd2 Rc4 23. Rc1 Kf8 24. Rxc4 Rxc4 25. b3 Rc5 26. c4 Ke7 27. cxd5 Rxd5+ 28. Ke3 Kd6 29. Rc4 Ra5 30. a4 Rc5 31. Kd4 e5+ 32. fxe5+ Rxe5 33. b4 Rd5+ 34. Kc3 Rh5 35. Rd4+ Ke5 36. Rd2 Rf5 37. a5 b5 38. Kb2 Ke4 39. Rc2 Kd4 40. Rc1 Re5 41. a6 Re2+ 42. Kb3 Re3+ 43. Kb2 Re2+ 44. Rc2 Re7 45. Rc5 Ra7 46. Kb3 Rxa6 47. Rxb5 f5 48. Rb7 h6 49. Rd7+ Ke4 50. b5 Re6 51. Kb4 g5 52. Kc5 f4 53. b6 f3 54. b7 Re8 55. Re7+ Rxe7 56. b8Q f2 57. Qf8 Re5+ 58. Kc4 Rf5 59. Qa8+ Ke3 60. Qa3+ Ke2 61. Qd3+ Ke1 62. Qe4+ Kf1 63. Qxf5 Kg1 64. Qc5 Kg2 65. Qd5+ Kxh2 66. Qf3 Kg1 67. Qe3 Kg2 68. Qe2 Kg1 69. Qe3 Kg2 1/2-1/2

[Event "Pardubice Czech op-B 30th"]
[Site "Pardubice"]
[Date "2019.07.24"]
[Round "6"]
[White "Balenovic, Zvonimir"]
[Black "Ondrejat, Miroslav"]
[Result "1-0"]
[WhiteElo "2106"]
[BlackElo "1953"]
[PlyCount "93"]
[EventDate "2019.07.19"]
[EventType "swiss"]
[EventRounds "9"]
[EventCountry "CZE"]
[SourceTitle "EXT 2020"]
[Source "ChessBase"]
[SourceDate "2019.10.17"]
[SourceVersion "1"]
[SourceVersionDate "2019.10.17"]
[SourceQuality "1"]

1. e4 c5 2. Nf3 e6 3. d4 cxd4 4. Nxd4 Nf6 5. Nc3 d6 6. g3 Be7 7. Bg2 0-0 8. 0-0 a6 9. h3 Qc7 10. Be3 Bd7 11. g4 Nc6 12. g5 Ne8 13. Nxc6 Bxc6 14. Qg4 b5 15. a3 Qb7 16. Rfd1 Rc8 17. Bd4 e5 18. Be3 Bd7 19. Qg3 Nc7 20. f4 f6 21. h4 b4 22. axb4 Qxb4 23. Rab1 Be6 24. f5 Bc4 25. g6 h6 26. Qf3 Rfd8 27. Qf2 Bf8 28. Qd2 Kh8 29. b3 Bg8 30. Na4 Qxd2 31. Rxd2 Nb5 32. c4 Nd4 33. Bxd4 exd4 34. Rxd4 Rb8 35. Bf1 Rdc8 36. Kg2 Be7 37. Nc3 Rb6 38. Bd3 Rcb8 39. Bc2 Rb4 40. Ra1 R4b6 41. Ra2 Rc6 42. Rd1 Bxc4 43. bxc4 Rxc4 44. Nd5 Bd8 45. Bd3 Rc6 46. Rxa6 Rb2+ 47. Kf3 1-0

[Event "Pardubice Czech op-B 30th"]
[Site "Pardubice"]
[Date "2019.07.21"]
[Round "3"]
[White "Ondrejat, Miroslav"]
[Black "Slonimskij, Arkadij"]
[Result "1/2-1/2"]
[WhiteElo "1953"]
[BlackElo "2120"]
[PlyCount "57"]
[EventDate "2019.07.19"]
[EventType "swiss"]
[EventRounds "9"]
[EventCountry "CZE"]
[SourceTitle "EXT 2020"]
[Source "ChessBase"]
[SourceDate "2019.10.17"]
[SourceVersion "1"]
[SourceVersionDate "2019.10.17"]
[SourceQuality "1"]

1. e4 Nf6 2. e5 Nd5 3. d4 d6 4. c4 Nb6 5. f4 dxe5 6. fxe5 Nc6 7. Be3 Bf5 8. Nc3 e6 9. Nf3 Bb4 10. Be2 Na5 11. 0-0 Naxc4 12. Bg5 Qd7 13. Qb3 Bxc3 14. Qxc3 Qd5 15. Qb4 f6 16. exf6 Nd6 17. fxg7 Rg8 18. Bf6 Nd7 19. Be5 0-0-0 20. Rac1 Nxe5 21. dxe5 Qe4 22. Qc5 Rxg7 23. exd6 Qxe2 24. Rf2 Qa6 25. dxc7 Rdg8 26. Rd2 Qb6 27. Rd8+ Rxd8 28. cxd8Q+ Kxd8 29. Qxb6+ 1/2-1/2

[Event "CZE-chT2A 1718"]
[Site "Czech Republic"]
[Date "2018.01.28"]
[Round "7.4"]
[White "Ondrejat, Miroslav"]
[Black "Krupicka, Josef1111"]
[Result "1/2-1/2"]
[WhiteElo "1974"]
[BlackElo "2008"]
[PlyCount "107"]
[EventDate "2017.10.15"]
[EventType "team-tourn"]
[EventRounds "11"]
[EventCountry "CZE"]
[SourceTitle "EXT 2022"]
[Source "ChessBase"]
[SourceDate "2021.10.06"]
[SourceVersion "1"]
[SourceVersionDate "2021.10.06"]
[SourceQuality "1"]
[WhiteTeam "Sokolov"]
[BlackTeam "Praha Smichov"]
[WhiteTeamCountry "CZE"]
[BlackTeamCountry "CZE"]

1. e4 e6 2. d4 d5 3. Nc3 Nf6 4. Bg5 Be7 5. e5 Nfd7 6. Bxe7 Qxe7 7. f4 a6 8. Nf3 c5 9. Bd3 Nc6 10. 0-0 cxd4 11. Ne2 Nc5 12. a3 Bd7 13. Nexd4 Nxd4 14. Nxd4 Nxd3 15. Qxd3 0-0 16. Rf3 f5 17. Qd2 h6 18. Kh1 Kh7 19. Rg1 Rg8 20. g4 g6 21. gxf5 gxf5 22. Rfg3 Rxg3 23. Rxg3 Rg8 24. Rxg8 Kxg8 25. Qc3 Qh4 26. Qg3+ Qxg3 27. hxg3 Kf7 28. Kg2 Kg6 29. Kf3 Kh5 30. c3 Bc8 31. Nb3 b6 32. Nd4 Bd7 33. b4 Kg6 34. Ke3 Kh5 35. Kf2 Kg4 36. Nc2 h5 37. Ne3+ Kh3 38. Ng2 Kg4 39. Nh4 Kh3 40. Nf3 Bc8 41. Ng5+ Kg4 42. Nh7 h4 43. Nf6+ Kh3 44. gxh4 Kxh4 45. a4 Kh3 46. a5 bxa5 47. bxa5 Kh4 48. Ne8 Kg4 49. Ke3 Kg3 50. Nd6 Bd7 51. Nb7 Kg4 52. Nc5 Bc8 53. Nd3 Bd7 54. Nc5 1/2-1/2

[Event "Klatovy op-A 23rd"]
[Site "Klatovy"]
[Date "2017.07.03"]
[Round "3"]
[White "Ondrejat, Miroslav"]
[Black "Stanek, Petr"]
[Result "1/2-1/2"]
[WhiteElo "2010"]
[BlackElo "1888"]
[PlyCount "45"]
[EventDate "2017.07.01"]
[EventType "swiss"]
[EventRounds "9"]
[EventCountry "CZE"]
[SourceTitle "EXT 2018"]
[Source "ChessBase"]
[SourceDate "2017.10.13"]
[SourceVersion "1"]
[SourceVersionDate "2017.10.13"]
[SourceQuality "1"]

1. f4 c5 2. Nf3 d5 3. e3 Nc6 4. b3 Nf6 5. Bb2 g6 6. Bb5 Bg7 7. 0-0 0-0 8. Bxc6 bxc6 9. Ne5 Qc7 10. Nd3 Nd7 11. Bxg7 Kxg7 12. Qc1 Qd6 13. Qb2+ f6 14. Nc3 c4 15. Nf2 cxb3 16. axb3 c5 17. Ra5 Bb7 18. Rfa1 a6 19. Ne2 e5 20. b4 d4 21. bxc5 Qc6 22. e4 Rab8 23. Qa3 1/2-1/2

[Event "Klatovy op-A 23rd"]
[Site "Klatovy"]
[Date "2017.07.01"]
[Round "1"]
[White "Ondrejat, Miroslav"]
[Black "Formanek, Martin"]
[Result "0-1"]
[WhiteElo "2010"]
[BlackElo "2273"]
[PlyCount "124"]
[EventDate "2017.07.01"]
[EventType "swiss"]
[EventRounds "9"]
[EventCountry "CZE"]
[SourceTitle "EXT 2018"]
[Source "ChessBase"]
[SourceDate "2017.10.13"]
[SourceVersion "1"]
[SourceVersionDate "2017.10.13"]
[SourceQuality "1"]

1. e4 c5 2. Nf3 d6 3. d4 cxd4 4. Nxd4 Nf6 5. Nc3 a6 6. Be2 e5 7. Nb3 Be7 8. 0-0 0-0 9. a4 Be6 10. f4 Qc7 11. f5 Bc4 12. Bxc4 Qxc4 13. Qd3 Qxd3 14. cxd3 Nc6 15. Bg5 Nb4 16. Rf3 Rfd8 17. Rd1 Rac8 18. d4 exd4 19. Rxd4 Nc6 20. Rd1 Ne5 21. Rff1 Nc4 22. Bc1 Re8 23. Rfe1 Bd8 24. h3 Bb6+ 25. Kf1 Ba7 26. Nd4 Nd7 27. Nd5 Bxd4 28. Rxd4 f6 29. b3 Nce5 30. Ba3 Nc5 31. Rb1 b5 32. axb5 axb5 33. Nf4 Nc6 34. Rxd6 Nxe4 35. Rd3 Ne5 36. Rd4 Ng3+ 37. Kg1 Nxf5 38. Rd5 Rb8 39. Bc5 Kf7 40. b4 Ne7 41. Rd6 N7c6 42. Rbd1 Red8 43. Ne6 Rxd6 44. Rxd6 Re8 45. Nc7 Rb8 46. Kf2 Rb7 47. Ne6 Rd7 48. Rxd7+ Nxd7 49. Nc7 Nxc5 50. bxc5 b4 51. Ke3 f5 52. Kd3 Kf6 53. Kc4 Ke5 54. Na6 b3 55. Kxb3 Kd4 56. Nc7 g6 57. Ne6+ Ke3 58. Kc4 Kf2 59. Nd4 Ne7 60. c6 Kxg2 61. c7 f4 62. Nc6 Nc8 0-1

[Event "CZE-chT2A 1516"]
[Site "Czech Republic"]
[Date "2016.01.10"]
[Round "5.3"]
[White "Hurdzan, Tomas"]
[Black "Ondrejat, Miroslav"]
[Result "1-0"]
[WhiteElo "2112"]
[BlackElo "1980"]
[PlyCount "49"]
[EventDate "2015.10.18"]
[EventType "team-tourn"]
[EventRounds "11"]
[EventCountry "CZE"]
[SourceTitle "EXT 2022"]
[Source "ChessBase"]
[SourceDate "2021.10.06"]
[SourceVersion "1"]
[SourceVersionDate "2021.10.06"]
[SourceQuality "1"]
[WhiteTeam "Klatovy"]
[BlackTeam "Karlovy Vary"]
[WhiteTeamCountry "CZE"]
[BlackTeamCountry "CZE"]

1. e4 c5 2. Nf3 Nc6 3. c3 Nf6 4. e5 Nd5 5. d4 cxd4 6. cxd4 e6 7. a3 d6 8. Bd3 dxe5 9. dxe5 Qc7 10. 0-0 Bd7 11. Qe2 a5 12. Bd2 g6 13. Nc3 Nxc3 14. Bxc3 Bg7 15. Rac1 0-0 16. b4 Qb8 17. bxa5 Nxa5 18. Bb4 Rc8 19. Bd6 Qa7 20. Ng5 Nb3 21. Rxc8+ Rxc8 22. Qf3 Be8 23. Bxg6 Nd4 24. Bxh7+ Kh8 25. Qh5 1-0

[Event "CZE-chT2A 1516"]
[Site "Czech Republic"]
[Date "2015.12.06"]
[Round "4.3"]
[White "Ondrejat, Miroslav"]
[Black "Jelinek, Michal"]
[Result "1-0"]
[WhiteElo "1980"]
[BlackElo "2159"]
[PlyCount "161"]
[EventDate "2015.10.18"]
[EventType "team-tourn"]
[EventRounds "11"]
[EventCountry "CZE"]
[SourceTitle "EXT 2022"]
[Source "ChessBase"]
[SourceDate "2021.10.06"]
[SourceVersion "1"]
[SourceVersionDate "2021.10.06"]
[SourceQuality "1"]
[WhiteTeam "Karlovy Vary"]
[BlackTeam "Praha Oaza"]
[WhiteTeamCountry "CZE"]
[BlackTeamCountry "CZE"]

1. Nf3 d5 2. c4 e6 3. d4 Nf6 4. Nc3 c6 5. e3 Nbd7 6. Bd3 Bd6 7. e4 dxe4 8. Nxe4 Nxe4 9. Bxe4 e5 10. 0-0 exd4 11. Qxd4 Nf6 12. Bg5 Be7 13. Qxd8+ Bxd8 14. Bc2 0-0 15. b3 Nh5 16. Rfe1 Bg4 17. Bxd8 Rfxd8 18. Ne5 Be6 19. Rad1 g6 20. g3 Kg7 21. f4 Kf6 22. Kf2 Ng7 23. Rxd8 Rxd8 24. Rd1 Rxd1 25. Bxd1 Ke7 26. Ke3 Bf5 27. b4 Bb1 28. a3 Nf5+ 29. Kd2 f6 30. Nd3 h5 31. Nc5 b6 32. Na4 Nd6 33. Be2 Bf5 34. c5 Ne4+ 35. Ke3 b5 36. Nb2 Nc3 37. Bf3 Kd7 38. Kd4 Nb1 39. a4 bxa4 40. Nxa4 Na3 41. Be2 Nc2+ 42. Kc3 Ne1 43. Nb2 Bg4 44. Kd2 Bxe2 45. Kxe1 Bf3 46. Nc4 Ke6 47. Ne3 Kf7 48. Kd2 g5 49. Kc3 h4 50. Kd4 hxg3 51. hxg3 gxf4 52. gxf4 a6 53. Nc4 Kg6 54. Nd6 Bg2 55. Ke3 Kh5 56. Ne8 Kg6 57. Nc7 Bf1 58. Ne6 Bc4 59. Nd4 Bd5 60. Ne2 Kf5 61. Nd4+ Kg4 62. Ne2 Bg2 63. Kf2 Bf3 64. Nd4 Bd5 65. Ke3 Kg3 66. Nf5+ Kg2 67. Ne7 Bf3 68. Ng8 f5 69. Kd4 Be4 70. Ke5 Kf3 71. Nh6 Ke3 72. Nxf5+ Kd3 73. Ne7 Bf3 74. f5 Kc4 75. f6 Bh5 76. Nxc6 Bf7 77. Kd6 Kb5 78. Nb8 a5 79. bxa5 Kxa5 80. Nd7 Ka6 81. Ne5 1-0